000 00898nam a22002537a 4500
005 20140909152617.0
010 _aENG-109935
020 _a9789350352014
_c295.00
035 _aEN-93468
035 _aB-536611-617
037 _bDBAD/PUB
037 _bKBD/Ven
_adpl
082 _a346.03
100 _aSingh, S.P.
245 _aLaw of tort :
_cby S.P. Singh [and] Indrajit P. Singh ; foreworded by Y.V. Chandrachud
_bincluding compensation under the Consumer Pretection Act /
250 _a6th ed
260 _aNew Delhi
_bUniversal Law Publishing
_c2012
270 _aC-FF-1A, Dilkhush Industrial Estate, G.T. Karnal Road
_bDelhi
_e110033
300 _alvi,380p.
_c24cm(pbk)
500 _aIncludes index
700 _aIndrajit P.Singh
942 _2ddc
_cEN
_mSIN
_h346.03
999 _c84060
_d84060